[Event "Mahalla op 11th"]
[Site "Mahalla"]
[Date "2009.02.05"]
[Round "8"]
[White "Salama, Mohamed"]
[Black "Sadek, Sameh"]
[Result "0-1"]
[WhiteElo "2079"]
[BlackElo "2302"]
[PlyCount "66"]
[EventDate "2009.01.30"]
[EventType "swiss"]
[EventRounds "9"]
[EventCountry "EGY"]
[SourceTitle "CBM 128 Extra"]
[Source "ChessBase"]
[SourceDate "2009.03.05"]
[SourceVersion "2"]
[SourceVersionDate "2009.03.25"]
[SourceQuality "1"]

1. e4 c5 2. Nf3 e6 3. d4 cxd4 4. Nxd4 Nf6 5. Nc3 d6 6. g4 h6 7. f4 a6 8. Be3 e5 9. Nf5 g6 10. g5 hxg5 11. fxg5 gxf5 12. exf5 d5 13. Qf3 Ne4 14. Nxe4 dxe4 15. Qxe4 Nc6 16. Bd3 Qa5+ 17. c3 Bd7 18. a4 Bc5 19. b4 Bxb4 20. cxb4 Nxb4 21. Bd2 Nxd3+ 22. Qxd3 Qc7 23. 0-0 0-0-0 24. Qc3 Bc6 25. a5 Qd6 26. Be3 Qd5 27. Kf2 Rxh2+ 28. Ke1 Qb5 29. Bf2 Rd3 30. Qc5 Rxf2 31. Qxb5 Rxf1+ 32. Kxf1 Bxb5 33. Kf2 Bc6 0-1

[Event "Assiut op 04th"]
[Site "Assiut"]
[Date "2008.07.27"]
[Round "8"]
[White "Wageih, Kareim"]
[Black "Salama, Mohamed"]
[Result "1-0"]
[WhiteElo "2214"]
[BlackElo "2101"]
[PlyCount "40"]
[EventDate "2008.07.19"]
[EventType "swiss"]
[EventRounds "9"]
[EventCountry "EGY"]
[SourceTitle "EXT 2009"]
[Source "ChessBase"]
[SourceDate "2008.11.26"]
[SourceVersion "1"]
[SourceVersionDate "2008.11.26"]
[SourceQuality "1"]

1. d4 Nf6 2. Nf3 c5 3. c3 cxd4 4. cxd4 g6 5. Nc3 Bg7 6. e4 0-0 7. Bd3 d6 8. h3 e5 9. d5 Ne8 10. 0-0 f5 11. Ng5 Nc7 12. Qb3 Qe7 13. Bc4 a6 14. a4 b5 15. axb5 h6 16. Ne6 Bxe6 17. dxe6 axb5 18. Rxa8 Nxa8 19. Nd5 Qa7 20. Bxb5 Rc8 1-0